<?xml version="1.0" encoding="UTF-8"?>
<record
    xmlns:xsi="http://www.w3.org/2001/XMLSchema-instance"
    xsi:schemaLocation="http://www.loc.gov/MARC21/slim http://www.loc.gov/standards/marcxml/schema/MARC21slim.xsd"
    xmlns="http://www.loc.gov/MARC21/slim">

  <leader>01619nam a22001577a 4500</leader>
  <datafield tag="999" ind1=" " ind2=" ">
    <subfield code="c">520377</subfield>
    <subfield code="d">520377</subfield>
  </datafield>
  <controlfield tag="008">220912b           ||||| |||| 00| 0 eng d</controlfield>
  <datafield tag="100" ind1=" " ind2=" ">
    <subfield code="a">Roland, D. Forder, J. and Jones, K. </subfield>
    <subfield code="9">33996</subfield>
  </datafield>
  <datafield tag="245" ind1=" " ind2=" ">
    <subfield code="a">State of the art what is out there and what can we learn? International evidence on funding and delivery of long-term care </subfield>
  </datafield>
  <datafield tag="260" ind1=" " ind2=" ">
    <subfield code="a">Social Policy and Society </subfield>
  </datafield>
  <datafield tag="300" ind1=" " ind2=" ">
    <subfield code="a">21(2), Apr, 2022: p.261-274</subfield>
  </datafield>
  <datafield tag="520" ind1=" " ind2=" ">
    <subfield code="a">This article describes the social care funding and delivery arrangements of a varied selection of developed countries, focusing on long-term care of older people. International evidence and latest reforms can inform the debate as countries struggle economically. Some have opted for mandatory social insurance that provides universal coverage. A premium is paid and if the insured individual or relatives require support, they are entitled to it. Others opted for a similar universal system but with earmarked taxation, while others fund their social care entirely from general taxation. Many chose a safety-net system in which benefits are means-tested leaving wealthier individuals to secure private arrangements of care. Within the UK, the level of support varies as Scotland provides personal care free of charge, being more generous than England, Wales and Northern Ireland. There is no &#x201C;one solution&#x201D;, but understanding different options can help in the discussion of current and future reforms. &#x2013; Reproduced </subfield>
  </datafield>
  <datafield tag="650" ind1=" " ind2=" ">
    <subfield code="a">Long-term care, Social care, Funding, Delivery, Long-term care reform.</subfield>
    <subfield code="9">32810</subfield>
  </datafield>
  <datafield tag="773" ind1=" " ind2=" ">
    <subfield code="a">Social Policy and Society </subfield>
  </datafield>
  <datafield tag="906" ind1=" " ind2=" ">
    <subfield code="a">SOCIAL CARE</subfield>
  </datafield>
  <datafield tag="942" ind1=" " ind2=" ">
    <subfield code="c">AR</subfield>
  </datafield>
  <datafield tag="952" ind1=" " ind2=" ">
    <subfield code="0">0</subfield>
    <subfield code="1">0</subfield>
    <subfield code="2">ddc</subfield>
    <subfield code="4">0</subfield>
    <subfield code="7">0</subfield>
    <subfield code="9">394438</subfield>
    <subfield code="a">IIPA</subfield>
    <subfield code="b">IIPA</subfield>
    <subfield code="d">2022-09-12</subfield>
    <subfield code="h">21(2), Apr, 2022: p.261-274</subfield>
    <subfield code="p">AR126969</subfield>
    <subfield code="r">2022-09-12</subfield>
    <subfield code="y">AR</subfield>
  </datafield>
</record>
